00692 a2200169 450000500170000002000180001708200140003510000190004924500510006826000350011930000590015470000180021394200130023199900150024495201350025995201280039420250403115949.0 a0-87872-301-3 a519.5 JOH aJOHNSON, R. R. aElementary Business Statistics: A First Course aBoston,bDuxbury Press,c1982. axvii, 489p.: ill,; figure, graph, tablebIndex.c24cm. aSISKIN, B. R. 2ddccBKS c1080d1080 r2025-04-03 12:01:26l0o519.5 JOHp0000004170v60000.00w2025-04-03yBKS102ddc407000aCBEMLbCBEMLcGENd1988-12-13g20000.00 r2025-06-13 14:26:38l0o519 JOHpDOM000802v60000.00w2025-06-13yBKS102ddc407000a004b004cGENd1988-12-13g20000.00